Губернатор: роман

Бібліографічні деталі
Автор: Проханов А. Александр Андреевич
Резюме:Новый роман Александра Проханова крайне актуален. Он написан в те дни, когда кругом назревают конфликты, падает экономика, человеческими душами овладевают уныние и разочарование. Главный герой романа — губернатор одной из русских областей, человек длинной воли. Однажды затеяв огромное дело, возмечтав о народном счастье, поставив себе, казалось бы, неосуществимые задачи, он всю жизнь тратит на их решение. Ему встречаются гран­диозные трудности: его предают, на него пишут доносы, его почти убивают. Но его звезда, его заветная мечта помогают выстоять в грозный период русской истории. И он, подобно многим другим русским людям, выдерживает непомерное давление бытия, оказы­вается победителем
Мова:Російська
Опубліковано: Москва, Центрполиграф, 2016
Серія:Имперская Коллекция
Предмети:
Формат: Книга
KOHA link:https://koha.lib.tpu.ru/cgi-bin/koha/opac-detail.pl?biblionumber=315966

MARC

LEADER 00000nam0a2200000 4500
001 315966
005 20231102002829.0
010 |a 9785227065537 
035 |a (RuTPU)RU\TPU\book\341403 
090 |a 315966 
100 |a 20160314d2016 m y0rusy50 ca 
101 0 |a rus 
102 |a RU 
105 |a y z 000ay 
200 1 |a Губернатор  |e роман  |f А. Проханов 
210 |a Москва  |c Центрполиграф  |d 2016 
215 |a 318 с. 
225 1 |a Имперская Коллекция 
330 |a Новый роман Александра Проханова крайне актуален. Он написан в те дни, когда кругом назревают конфликты, падает экономика, человеческими душами овладевают уныние и разочарование. Главный герой романа — губернатор одной из русских областей, человек длинной воли. Однажды затеяв огромное дело, возмечтав о народном счастье, поставив себе, казалось бы, неосуществимые задачи, он всю жизнь тратит на их решение. Ему встречаются гран­диозные трудности: его предают, на него пишут доносы, его почти убивают. Но его звезда, его заветная мечта помогают выстоять в грозный период русской истории. И он, подобно многим другим русским людям, выдерживает непомерное давление бытия, оказы­вается победителем 
606 1 |a Русская литература современная  |2 stltpush  |3 (RuTPU)RU\TPU\subj\26373  |9 50316 
610 1 |a проза 
610 1 |a романы 
675 |a Р2  |v 4 
700 1 |a Проханов  |b А.  |g Александр Андреевич 
801 1 |a RU  |b 63413507  |c 20160314 
801 2 |a RU  |b 63413507  |c 20160421  |g RCR 
942 |c BK 
959 |a 11/20160128  |d 1  |e 524,00  |f ХФ:1